| 000 | 00711nam a22002532a 4500 | ||
|---|---|---|---|
| 001 | 17512 | ||
| 003 | BD-RjUL | ||
| 005 | 20211209000143.0 | ||
| 008 | 140217t1955 xx 001 0 eng d | ||
| 035 | _a(BD-RjUL)17570 | ||
| 040 |
_aDLC _cANC _dUKM _dEQO _dBD-RJUL _beng |
||
| 041 | _aeng | ||
| 082 | 0 | 0 |
_a701.17 _bOSA 1955 |
| 100 | 1 |
_aOsborne, Harold, _d1905-1987 _93448 |
|
| 245 | 1 | 0 |
_aAesthetics and criticism / _cby Harold osborne. |
| 260 |
_aLondon : _bRoutledge & Paul, _c1955. |
||
| 300 |
_a341 p. ; _c23 cm. |
||
| 504 | _aIncludes bibliographical reference and index. | ||
| 650 | 0 |
_aAesthetics _953970 |
|
| 650 | 0 |
_aCriticism _953971 |
|
| 942 |
_2ddc _cBK |
||
| 999 |
_c17512 _d17512 |
||